000 00668nac a22002051u 4500
010 _a97013889
020 _a9812400672
082 0 0 _a621
_bS5546
090 _c823
_d823
100 _aShetty, Devdas.
245 1 0 _aMechatronics system design /
_cDevdas Shetty, Richard Kolk.
260 _aBoston :
_bThomson ,
_c1997.
300 _aix, 422 p. :
_bill. ;
_c25 cm.
504 _aIncludes bibliographical references and index.
650 0 _aMechatronics.
650 0 _aSystem design.
700 1 _aKolk, Richard.
942 _cBB
_k621S5546
999 _c823
_d823